Chuyển đến nội dung

Методы исследования сопротивления материалов воздействию коррозионных сред учебное пособие

В пособии изложены основные теоретические сведения по исследованию сопротивления материалов воздействию коррозионных сред, даны методики проведения лабораторных экспериментов и обработки полученных результатов. Учебное пособие предназначено для обучающихся по образовательной программе высшего образо...

Mô tả đầy đủ

Đã lưu trong:
Chi tiết về thư mục
Tác giả chính: Кушнаренко В. М.
Tác giả khác: Ганин Е. В., Кушнаренко Е. В.
Định dạng: Книга
Ngôn ngữ:Russian
Được phát hành: Оренбург ОГУ 2017
Truy cập trực tuyến:https://e.lanbook.com/book/110607
https://e.lanbook.com/img/cover/book/110607.jpg
Các nhãn: Thêm thẻ
Không có thẻ, Là người đầu tiên thẻ bản ghi này!
LEADER 02778nam0a2200301 i 4500
001 110607
003 RuSpLAN
005 20221220174018.0
008 221220s2017 ru gs 000 0 rus
020 |a 978-5-7410-1891-0 
040 |a RuSpLAN 
041 0 |a rus 
044 |a ru 
080 |a 66.02:620.193.197 (075.8, 076) 
084 |a 34.437  |2 rubbk 
245 0 0 |a Методы исследования сопротивления материалов воздействию коррозионных сред  |b учебное пособие  |c Кушнаренко В. М.,Ганин Е. В.,Кушнаренко Е. В. 
260 |a Оренбург  |b ОГУ  |c 2017 
300 |a 165 с. 
500 |a Рекомендовано ученым советом федерального государственного бюджетного образовательного учреждения высшего образования «Оренбургский государственный университет» для обучающихся по образовательной программе высшего образования – программе подготовки научно-педагогических кадров в аспирантуре 18.06.01 Химическая технология 
504 |a Библиогр.: доступна в карточке книги, на сайте ЭБС Лань 
520 8 |a В пособии изложены основные теоретические сведения по исследованию сопротивления материалов воздействию коррозионных сред, даны методики проведения лабораторных экспериментов и обработки полученных результатов. Учебное пособие предназначено для обучающихся по образовательной программе высшего образования – программе подготовки научно-педагогических кадров высшей квалификации по направлению подготовки 18.06.01 Химическая технология, профиль «Технология электрохимических процессов и защита от коррозии». 
521 8 |a Книга из коллекции ОГУ - Инженерно-технические науки 
100 1 |a Кушнаренко В. М. 
700 1 |a Ганин Е. В. 
700 1 |a Кушнаренко Е. В. 
856 4 |u https://e.lanbook.com/book/110607 
856 4 8 |u https://e.lanbook.com/img/cover/book/110607.jpg 
953 |a https://e.lanbook.com/img/cover/book/110607.jpg 
Cannot write session to /tmp/vufind_sessions/sess_e5cai9tpbi8l10u6pnku3m4p0m